[Event "Charleville Mezieres op 5th"]
[Site "Charleville Mezieres"]
[Date "2008.??.??"]
[Round "1"]
[White "Lassalle, Arnaud"]
[Black "Fauchart, Francois"]
[Result "1-0"]
[WhiteElo "2047"]
[BlackElo "1530"]
[PlyCount "61"]
[EventDate "2008.12.26"]
[EventType "swiss"]
[EventRounds "7"]
[EventCountry "FRA"]
[SourceTitle "CBM 128 Extra"]
[Source "ChessBase"]
[SourceDate "2009.03.05"]
[SourceVersion "2"]
[SourceVersionDate "2009.03.25"]
[SourceQuality "1"]

1. e4 c5 2. Nf3 d6 3. d4 cxd4 4. Nxd4 e5 5. Nb3 Nf6 6. Nc3 Be7 7. Bg5 Be6 8. Be2 Nbd7 9. Nd2 a6 10. Nc4 Nc5 11. Bxf6 gxf6 12. Ne3 b5 13. a3 Rc8 14. Bg4 Rc7 15. 0-0 Qa8 16. Ncd5 Rc8 17. Nf5 Bd8 18. Ng7+ Kd7 19. Qf3 Rg8 20. Nxe6 fxe6 21. b4 Nxe4 22. Qxe4 Rc4 23. Qxh7+ Kc6 24. Qxg8 exd5 25. Be6 Rd4 26. Rad1 Rxd1 27. Rxd1 Kb6 28. Bxd5 Qb8 29. Qe8 Qc7 30. h4 a5 31. h5 1-0

[Event "Fourmies op 27th"]
[Site "Fourmies"]
[Date "2003.06.08"]
[Round "4"]
[White "Fauchart, Francois"]
[Black "Renard, Stephane"]
[Result "0-1"]
[WhiteElo "1499"]
[BlackElo "2026"]
[PlyCount "106"]
[EventDate "2003.06.07"]
[EventType "swiss"]
[EventRounds "7"]
[EventCountry "FRA"]
[SourceTitle "EXT 2020"]
[Source "ChessBase"]
[SourceDate "2019.10.17"]
[SourceVersion "1"]
[SourceVersionDate "2019.10.17"]
[SourceQuality "1"]

1. d4 f5 2. Bf4 Nf6 3. Nc3 e6 4. a3 Be7 5. e3 0-0 6. Nf3 b6 7. Be2 Ne4 8. Qd3 Bb7 9. d5 g5 10. Be5 d6 11. dxe6 dxe5 12. Qxd8 Rxd8 13. Nb5 Na6 14. Nxe5 c6 15. Nd4 Bf6 16. Nexc6 Re8 17. f3 Nd6 18. b4 Bxc6 19. Bxa6 Bxd4 20. exd4 Rxe6+ 21. Kf2 Bb5 22. Bxb5 Nxb5 23. d5 Re5 24. c4 Nd6 25. Rac1 Rc8 26. c5 bxc5 27. bxc5 Nb7 28. c6 Nd6 29. Rhd1 Kf7 30. a4 Ke7 31. Re1 Nf7 32. Rb1 Kd6 33. Rb7 Rxe1 34. Rxf7 Re5 35. Rd7+ Kc5 36. Rxa7 Kxd5 37. Ra5+ Kd6 38. Ra7 Re7 39. Ra5 Rf7 40. Ke3 Rxc6 41. Kd4 h6 42. h3 Ke6 43. Re5+ Kf6 44. a5 Rd7+ 45. Rd5 Rxd5+ 46. Kxd5 Ra6 47. Kd4 Rxa5 48. g4 fxg4 49. hxg4 Re5 50. Kd3 Ke6 51. Kd2 Kd5 52. Kd3 Re7 53. Kd2 Kc4 0-1